Sečovce Hlavna ul., tyžd. trh

Zobrazenie: Pohľad na trh na Hlavnej ulici. Ulica je lemovaná domami a stromami. V pozadí je kostol

Bibliographic Details
Format: Postcard
Language:Slovak
Hungarian
PhysicalDescription:1 pohľadnica kolorovaná 9 x 14 cm
Published: Sečovce L. Birnbaum [1928?]
Subjects:

MARC

LEADER 00000ckm a2200000 a 4500
001 vtls011704709
003 SK-MaSNL
005 20260512122913.0
007 kp ho
008 240703q1928 xo g ||00 k|slo
015 |a SNBG1928 
035 |a urn:nbn:sk:snk-km00dprp 
035 |a urn:nbn:sk:snk-km3lxj1 
035 |a 91E8F5CB-01C8-43D3-A012-3F25B0255C3E 
040 |a SNK  |b slo  |c SNK  |e AACR2 
041 0 |a slo  |a hun 
043 |a e-xo--- 
044 |a xo  |c SK 
072 7 |a 913  |x Regionálna geografia  |2 konspekt 
080 |a 913(437.6)  |2 2011 
080 |a (084.121)  |2 2011 
080 |a 726:27-523.42  |2 2011 
080 |a 711.73  |2 2011 
080 |a 339.13  |2 2011 
080 |a 711.61  |2 2011 
245 0 0 |a Sečovce  |h grafika  |b Hlavna ul., tyžd. trh 
246 3 1 |a Gálszécs  |b Fő utca : hetivásar 
260 |a Sečovce  |b L. Birnbaum  |c [1928?] 
300 |a 1 pohľadnica  |b kolorovaná  |c 9 x 14 cm 
500 |a Názvové údaje prevzaté z obrazovej časti pohľadnice 
520 8 |a Zobrazenie: Pohľad na trh na Hlavnej ulici. Ulica je lemovaná domami a stromami. V pozadí je kostol 
546 |a Súbežný názov a podnázov v maďarčine 
650 0 7 |a kostoly  |2 SNKPH  |9 3023 
650 0 7 |a ulice  |2 SNKPH  |9 2938 
650 0 7 |a trhy  |2 SNKPH  |9 2373 
650 0 7 |a námestia  |2 SNKPH  |9 26291 
651 7 |a Sečovce (Slovensko)  |2 SNKPH  |9 28464 
655 7 |a miestne pohľadnice  |2 SNKPH  |9 70510 
852 |a Slovenská národná knižnica 
958 |a EUIPO 
958 |a GBN 
958 |a GC 
958 |a OND 
999 |c 679815  |d 681745 
952 |a SNK  |b SNK  |y PREZ  |7 0  |p 17A1225628  |o snkSP 21136  |z Pohľadnica prešla poštou.  |0 0  |1 0  |4 0  |d 2017-07-28  |f 1  |l 0  |r 2026-02-23 19:53:42  |w 2026-02-23